[Event "7th EUR-ch (w) playoff 3-11"]
[Site "Kusadasi TUR"]
[Date "2006.04.16"]
[Round "1.1"]
[White "Sedina, Elena"]
[Black "Mkrtchian, Lilit"]
[Result "0-1"]
[WhiteElo "2373"]
[BlackElo "2453"]
[EventDate "2006.04.16"]
[PlyCount "126"]

1.e4 e6 2.d4 d5 3.Nc3 Bb4 4.exd5 exd5 5.Bd3 Nc6 6.a3 Bxa3 7.bxa3 Nf6 8.
Nge2 Bg4 9.f3 Bh5 10.Rb1 Na5 11.Bg5 Bg6 12.Bxf6 Qxf6 13.Rb5 Nc4 14.Bxc4 
dxc4 15.Re5+ Kf8 16.O-O h5 17.f4 h4 18.Qb1 b6 19.f5 Bh5 20.Nf4 h3 21.Qb4+ 
Kg8 22.Rfe1 Bg4 23.Nfd5 Qg5 24.g3 f6 25.Qe7 Kh7 26.Nxc7 Qd2 27.R5e2 Bxe2 
28.Rxe2 Qd1+ 29.Kf2 Qh1 30.Ke3 Qc1+ 31.Kf2 Qg5 32.Nxa8 Qxf5+ 33.Kg1 Rxa8 
34.Qe4 Qxe4 35.Rxe4 Rd8 36.Rh4+ Kg6 37.Rxh3 Rd5 38.Kf2 Ra5 39.Ke2 Rxa3 40.
Kd2 Ra1 41.Rh8 a5 42.Rb8 Rb1 43.Ke3 Kf5 44.Rc8 b5 45.Rc5+ Ke6 46.Rc8 Kd6 
47.Ra8 a4 48.Kd2 Rg1 49.Ra5 Rg2+ 50.Kc1 Kc6 51.Ra6+ Kb7 52.Re6 Rxh2 53.
Re7+ Kb6 54.Rxg7 a3 55.Kb1 a2+ 56.Kxa2 Rxc2+ 57.Kb1 Rxc3 58.Rg6 Rf3 59.g4 
Ka5 60.d5 Kb4 61.d6 Kb3 62.Kc1 c3 63.Kd1 Rd3+ 0-1

[Event "7th EUR-ch (w) playoff 3-11"]
[Site "Kusadasi TUR"]
[Date "2006.04.16"]
[Round "1.2"]
[White "Mkrtchian, Lilit"]
[Black "Sedina, Elena"]
[Result "1/2-1/2"]
[WhiteElo "2453"]
[BlackElo "2373"]
[EventDate "2006.04.16"]
[PlyCount "73"]

1.e4 c5 2.Nf3 a6 3.c3 d5 4.exd5 Qxd5 5.d4 Nf6 6.Be2 e6 7.O-O Nc6 8.dxc5 
Bxc5 9.Qxd5 Nxd5 10.Re1 O-O 11.Nbd2 Nf6 12.Nb3 Bb6 13.Be3 Bxe3 14.fxe3 e5 
15.Rad1 Bg4 16.Nc5 b6 17.Na4 b5 18.Nc5 e4 19.Nd4 Bxe2 20.Rxe2 Ne5 21.h3 
Rfd8 22.Ra1 Rd5 23.b4 Ned7 24.Nxd7 Nxd7 25.a4 Rc8 26.axb5 axb5 27.Rc2 Ne5 
28.Ra5 Nc4 29.Rxb5 Nxe3 30.Re2 Rxb5 31.Nxb5 Nd1 32.Rxe4 f5 33.Re5 Nxc3 34.
Nxc3 Rxc3 35.Rxf5 g6 36.Rc5 Rb3 37.b5 1/2-1/2

[Event "7th EUR-ch (w) playoff 3-11"]
[Site "Kusadasi TUR"]
[Date "2006.04.16"]
[Round "2.2"]
[White "Gvetadze, Sopio"]
[Black "Gaponenko, Inna"]
[Result "0-1"]
[WhiteElo "2331"]
[BlackElo "2430"]
[EventDate "2006.04.16"]
[PlyCount "78"]

1.e4 e5 2.Nf3 Nf6 3.Nxe5 d6 4.Nf3 Nxe4 5.d3 Nf6 6.d4 g6 7.Bd3 Bg7 8.h3 O-O
9.O-O Nc6 10.c3 Ne7 11.Qb3 b6 12.Bg5 Bf5 13.Bxf5 Nxf5 14.Nbd2 h6 15.Bf4 
Qd7 16.a4 a5 17.Rac1 Rfe8 18.Rfd1 g5 19.Bh2 g4 20.hxg4 Nxg4 21.Bf4 Re2 22.
Rf1 Rae8 23.Rce1 Rxe1 24.Nxe1 Bxd4 25.Nd3 Bg7 26.Nf3 Ne5 27.Ndxe5 dxe5 28.
Bh2 e4 29.Ne1 e3 30.fxe3 Nxe3 31.Rf3 Qd5 32.Qa3 Nc4 33.Qa1 Qd2 34.Nd3 Re2 
35.Rg3 Ne3 36.Kh1 Rxg2 37.Rh3 Qxd3 38.Qe1 Re2 39.Qh4 Qd5+ 0-1

[Event "7th EUR-ch (w) playoff 3-11"]
[Site "Kusadasi TUR"]
[Date "2006.04.16"]
[Round "2.2"]
[White "Dembo, Yelena"]
[Black "Muzicuk, Anna"]
[Result "0-1"]
[WhiteElo "2464"]
[BlackElo "2418"]
[EventDate "2006.04.16"]
[PlyCount "114"]

1.e4 d5 2.exd5 Nf6 3.Nf3 Nxd5 4.d4 g6 5.c4 Nb6 6.a4 Bg7 7.a5 N6d7 8.Nc3 c5
9.dxc5 Bxc3+ 10.bxc3 Nxc5 11.Qxd8+ Kxd8 12.Be3 Nba6 13.O-O-O+ Ke8 14.Rd5 
b6 15.Be2 f6 16.Kb2 Bb7 17.Rd2 bxa5 18.Ka3 Kf7 19.Rb1 Bc6 20.Nd4 Bxg2 21.
f3 Bh3 22.Rb5 a4 23.Nc2 Rhc8 24.Nb4 Be6 25.Nxa6 Nxa6 26.c5 Nb8 27.Rb7 Nc6 
28.Kxa4 g5 29.Rb1 h5 30.Ba6 Rc7 31.Rb7 Rac8 32.Rb1 Rb8 33.Rxb8 Nxb8 34.Bb5
Bd7 35.c4 a6 36.Bxd7 Nxd7 37.Ka5 Ne5 38.Kb6 Rc6+ 39.Kb7 Re6 40.Ra2 Nxc4 
41.Bd4 Ke8 42.c6 Nd6+ 43.Kb8 Nb5 44.Rxa6 Rxc6 45.Rxc6 Nxd4 46.Rc3 e5 47.
Kb7 Ke7 48.Kb6 Ke6 49.Kc5 Kf5 50.Kd5 Kf4 51.Ra3 Nxf3 52.Ra4+ Nd4 53.Ra3 h4
54.h3 f5 55.Ra1 g4 56.Rf1+ Nf3 57.Kc4 e4 0-1

[Event "7th EUR-ch (w) playoff 3-11"]
[Site "Kusadasi TUR"]
[Date "2006.04.16"]
[Round "3.2"]
[White "Mkrtchian, Lilit"]
[Black "Dembo, Yelena"]
[Result "1-0"]
[WhiteElo "2453"]
[BlackElo "2464"]
[EventDate "2006.04.16"]
[PlyCount "71"]

1.Nf3 Nf6 2.c4 g6 3.Nc3 Bg7 4.g3 O-O 5.d4 d6 6.Bg2 Nc6 7.O-O a6 8.d5 Na5 
9.Nd2 c5 10.Rb1 Nd7 11.Qc2 Ne5 12.b3 Bd7 13.h3 f5 14.Bb2 b5 15.f4 Nf7 16.
e4 Rb8 17.Ba1 bxc4 18.bxc4 fxe4 19.Ncxe4 Bxa1 20.Rxa1 Nh6 21.g4 Rb4 22.a3 
Rb6 23.Qc3 Nb7 24.Rae1 Rf7 25.Ng5 Rf8 26.Ne6 Bxe6 27.Rxe6 Qd7 28.f5 Nd8 
29.Qe3 Nxf5 30.gxf5 Nxe6 31.dxe6 Qc8 32.Bd5 gxf5 33.Qg5+ Kh8 34.Qxe7 Rb2 
35.Nf3 Re2 36.Ng5 1-0

[Event "7th EUR-ch (w) playoff 3-11"]
[Site "Kusadasi TUR"]
[Date "2006.04.16"]
[Round "3.2"]
[White "Stefanova, Antoaneta"]
[Black "Gaponenko, Inna"]
[Result "1/2-1/2"]
[WhiteElo "2502"]
[BlackElo "2430"]
[EventDate "2006.04.16"]
[PlyCount "47"]

1.d4 d5 2.c4 e6 3.Nf3 Nf6 4.g3 dxc4 5.Bg2 Nbd7 6.O-O Rb8 7.Nc3 b5 8.a4 Be7
9.axb5 Kf8 10.Bg5 h6 11.Bxh6 gxh6 12.Ne5 Nxe5 13.f4 c5 14.Rxa7 Kg7 15.Rc7 
Ba6 16.Rxc5 Ng6 17.Kf2 Ne5 18.Rxc4 Neg4+ 19.Kg1 Ne3 20.h4 Nxf1 21.Kf2 Kg6 
22.h5+ Kg7 23.Kf3 Ne4 24.Kxe4 1/2-1/2

[Event "7th EUR-ch (w) playoff 3-11"]
[Site "Kusadasi TUR"]
[Date "2006.04.16"]
[Round "4.2"]
[White "Mkrtchian, Lilit"]
[Black "Gaponenko, Inna"]
[Result "1/2-1/2"]
[WhiteElo "2453"]
[BlackElo "2430"]
[EventDate "2006.04.16"]
[PlyCount "21"]

1.Nf3 Nf6 2.c4 e6 3.Nc3 d5 4.d4 Bb4 5.cxd5 exd5 6.Bg5 h6 7.Bxf6 Qxf6 8.e3 
c6 9.Be2 O-O 10.O-O Nd7 11.a3 1/2-1/2

[Event "7th EUR-ch (w) playoff 3-11"]
[Site "Kusadasi TUR"]
[Date "2006.04.16"]
[Round "4.3"]
[White "Gaponenko, Inna"]
[Black "Mkrtchian, Lilit"]
[Result "1-0"]
[WhiteElo "2430"]
[BlackElo "2453"]
[EventDate "2006.04.16"]
[PlyCount "89"]

1.e4 e6 2.d4 d5 3.exd5 exd5 4.Nf3 Nf6 5.c4 Be7 6.Nc3 O-O 7.Be2 dxc4 8.Bxc4
Bg4 9.Be3 Nc6 10.O-O a6 11.h3 Bxf3 12.Qxf3 Rb8 13.Rad1 Nb4 14.Bg5 c6 15.
Bf4 Ra8 16.Be5 Nbd5 17.Rfe1 Qd7 18.Bxf6 Nxf6 19.d5 cxd5 20.Nxd5 Nxd5 21.
Bxd5 Qc7 22.Bxb7 Rab8 23.Bc6 Rb6 24.Rd7 Rxc6 25.Qxc6 Qxc6 26.Rexe7 Qc2 27.
Rb7 g6 28.a4 a5 29.Re5 Rd8 30.Ree7 Rf8 31.b3 Qb2 32.h4 h5 33.g3 Kg7 34.Kg2
Kf6 35.Rec7 Ke6 36.Rc5 Rd8 37.Rb6+ Ke7 38.Rc7+ Kf8 39.Rf6 Qxb3 40.Rfxf7+ 
Kg8 41.Rg7+ Kf8 42.Rxg6 Rd4 43.Rg5 Rxa4 44.Rxh5 Ra2 45.Rh8+ 1-0

[Event "7th EUR-ch (w) playoff 3-11"]
[Site "Kusadasi TUR"]
[Date "2006.04.16"]
[Round "4.4"]
[White "Mkrtchian, Lilit"]
[Black "Gaponenko, Inna"]
[Result "1-0"]
[WhiteElo "2453"]
[BlackElo "2430"]
[EventDate "2006.04.16"]
[PlyCount "73"]

1.c4 f5 2.Nc3 Nf6 3.d4 g6 4.g3 Bg7 5.Bg2 O-O 6.Nf3 d6 7.O-O Qe8 8.d5 Na6 
9.Nd4 Bd7 10.b3 c6 11.Bb2 Rc8 12.Rc1 Nc5 13.Re1 e5 14.dxe6 Nxe6 15.Nf3 Qe7
16.Ba3 Nc5 17.Na4 Rfd8 18.Nxc5 dxc5 19.Qc2 Be6 20.Ng5 Bf7 21.Nxf7 Kxf7 22.
e4 fxe4 23.Bxe4 Nxe4 24.Rxe4 Qd6 25.Rce1 Rd7 26.Qe2 Bf6 27.Re6 Qd4 28.Qf3 
Rd6 29.Bxc5 Rxe6 30.Rxe6 Qa1+ 31.Kg2 Kxe6 32.Qg4+ Kf7 33.Qd7+ Be7 34.Qxe7+
Kg8 35.Qe6+ Kg7 36.Qxc8 b6 37.Qf8# 1-0

[Event "7th EUR-ch (w) playoff 3-11"]
[Site "Kusadasi TUR"]
[Date "2006.04.16"]
[Round "4.5"]
[White "Mkrtchian, Lilit"]
[Black "Gaponenko, Inna"]
[Result "1-0"]
[WhiteElo "2453"]
[BlackElo "2430"]
[EventDate "2006.04.16"]
[PlyCount "75"]

1.c4 e6 2.Nc3 d5 3.d4 Bb4 4.a3 Bxc3+ 5.bxc3 Nf6 6.e3 O-O 7.Bd3 c5 8.Ne2 
Nc6 9.O-O dxc4 10.Bxc4 Qc7 11.a4 Rd8 12.Bd3 e5 13.Bb2 Na5 14.Rc1 b6 15.Ng3
Bb7 16.Qe2 c4 17.Bb1 Nb3 18.Rcd1 exd4 19.cxd4 c3 20.Qc2 Rac8 21.Qxb3 cxb2 
22.Qxb2 Qc6 23.e4 Qxa4 24.d5 Rc5 25.Nf5 Qe8 26.Rfe1 Bc8 27.Ng3 Bb7 28.d6 
Nd7 29.Nf5 Qe5 30.Qb3 Nf6 31.Ba2 Qe8 32.Qg3 g6 33.Nh6+ Kg7 34.Nxf7 Rd7 35.
e5 Ne4 36.Qf4 Nc3 37.Qf6+ Kg8 38.Nh6# 1-0

[Event "7th EUR-ch (w) playoff 3-11"]
[Site "Kusadasi TUR"]
[Date "2006.04.16"]
[Round "4.4"]
[White "Stefanova, Antoaneta"]
[Black "Dembo, Yelena"]
[Result "1-0"]
[WhiteElo "2502"]
[BlackElo "2464"]
[EventDate "2006.04.16"]
[PlyCount "121"]

1.Nf3 Nf6 2.g3 g6 3.Bg2 Bg7 4.O-O O-O 5.d4 d6 6.c4 Nc6 7.d5 Na5 8.Nfd2 Nd7
9.a3 c5 10.Ra2 Ne5 11.Qc2 Bd7 12.h3 b5 13.b3 f5 14.f4 Nf7 15.Bb2 Rb8 16.
Bxg7 Kxg7 17.Kh2 e5 18.dxe6 Bxe6 19.e4 Qf6 20.exf5 gxf5 21.g4 Kh8 22.gxf5 
Bxf5 23.Ne4 Bxe4 24.Bxe4 bxc4 25.bxc4 Nb3 26.Nc3 Nd4 27.Qd1 Nh6 28.Nd5 Qf7
29.Rd2 Rg8 30.Rff2 Rbe8 31.Bb1 Rg7 32.Rg2 Re1 33.Rxd4 Rxg2+ 34.Kxg2 Qg7+ 
35.Kf3 Rxd1 36.Rxd1 Qb2 37.Re1 Qb3+ 38.Ne3 Qxa3 39.Be4 Kg7 40.Rb1 Qc3 41.
Rb7+ Kf8 42.Rxh7 Ng8 43.Rxa7 Nf6 44.Bc6 Qd3 45.Ra8+ Kf7 46.Ra7+ Kg6 47.Re7
Qd4 48.h4 Qa1 49.Bb7 Qh1+ 50.Ke2 Qxh4 51.Rg7+ Kxg7 52.Nf5+ Kg6 53.Nxh4+ 
Kh5 54.Ng2 Nd7 55.Kf3 Nb6 56.Ne3 Kg6 57.Ke4 Kf7 58.Bd5+ Kf6 59.Ng4+ Kg6 
60.Be6 Kg7 61.f5 1-0

[Event "7th EUR-ch (w) playoff 3-11"]
[Site "Kusadasi TUR"]
[Date "2006.04.16"]
[Round "4.2"]
[White "Kadimova, Ilaha"]
[Black "Muzicuk, Anna"]
[Result "0-1"]
[WhiteElo "2310"]
[BlackElo "2418"]
[EventDate "2006.04.16"]
[PlyCount "72"]

1.d4 d6 2.Nf3 Nf6 3.c4 Nbd7 4.Nc3 e5 5.e4 exd4 6.Nxd4 g6 7.g3 Bg7 8.Bg2 
O-O 9.O-O Re8 10.Re1 c6 11.Bf4 Ne5 12.b3 Nh5 13.Be3 Ng4 14.Qd2 Nxe3 15.
Rxe3 Nf6 16.Rd1 Qb6 17.h3 h5 18.Nde2 Bh6 19.Nf4 Be6 20.Na4 Qa6 21.Qxd6 Qa5
22.Qc5 Qc7 23.Qd6 Qa5 24.Red3 h4 25.Nc5 hxg3 26.Ncxe6 gxf2+ 27.Kh1 fxe6 
28.Nxg6 Kh7 29.e5 Rad8 30.Qxd8 Rxd8 31.Rxd8 Qe1+ 32.Bf1 Qe4+ 33.Bg2 Qe1+ 
34.Bf1 Ne4 35.Nh4 Bd2 36.Rd7+ Kh6 0-1

[Event "7th EUR-ch (w) playoff 3-11"]
[Site "Kusadasi TUR"]
[Date "2006.04.16"]
[Round "4.2"]
[White "Zhukova, Natalia"]
[Black "Gvetadze, Sopio"]
[Result "1/2-1/2"]
[WhiteElo "2425"]
[BlackElo "2331"]
[EventDate "2006.04.16"]
[PlyCount "77"]

1.d4 d5 2.c4 e6 3.Nf3 Nf6 4.Nc3 Bb4 5.cxd5 exd5 6.Bg5 O-O 7.e3 c5 8.Qc2 c4
9.Be2 Nbd7 10.O-O Qa5 11.Nd2 b5 12.Bf3 Bb7 13.a4 Bxc3 14.bxc3 bxa4 15.Bxf6
Nxf6 16.Nxc4 Qc7 17.Ne5 Ne8 18.Rxa4 Nd6 19.Qb3 Rfb8 20.Bxd5 Ba6 21.Qc2 
Bxf1 22.Kxf1 a5 23.Bxa8 Rxa8 24.c4 f6 25.Nf3 Rb8 26.c5 Nf7 27.d5 Qd7 28.c6
Qxd5 29.c7 Rc8 30.Nd4 Qe5 31.Rc4 Qxh2 32.Qf5 Rxc7 33.Qxa5 Rxc4 34.Qa8+ Nd8
35.Qxd8+ Kf7 36.Qd7+ Kg6 37.Qg4+ Kf7 38.Qd7+ Kg6 39.Qg4+ 1/2-1/2